O naplňovaní práv stomikov

Podrobná bibliografia
Hlavní autori: Škrabálková, Margita (Autor, Tazateľ), Benžová, Mária (Autor)
Médium: Článok
Jazyk:slovenčina
ISSN:1336-2208
Predmet:

MARC

LEADER 00000nab a2200000 ar4500
001 vtls008957267
003 SK-MaSNL
005 20260303070950.0
008 070320c2007 xo |||| | | 000 b|slo
015 |a SNBRB2007/03  |2 snkbucl 
038 |a SNKBUCL 
040 |a SNKBUCL  |b slo  |c SNKBUCL  |e AACR2 
041 0 |a slo 
044 |a xo  |c SK 
080 |a 616-089.86:614.253.08  |2 1997 
080 |a 614.253.08  |2 1997 
100 1 |a Škrabálková, Margita  |4 aut  |4 ivr  |9 842951 
245 1 0 |a O naplňovaní práv stomikov  |c zhovárala sa: Margita Škrabálková 
650 0 7 |a stomici  |2 snkbucl  |9 86024 
650 0 7 |a práva pacientov  |2 snkbucl  |9 4057 
655 7 |a rozhovory  |2 snkbucl  |9 31831 
700 1 |a Benžová, Mária  |4 aut  |4 ive  |9 1069071 
773 0 |t Humanita  |g Roč. XVI, č. 1 (2007)  |x 1336-2208 
773 0 8 |i Príl.:  |t Humanita plus  |g Č. 1 (2007), s. 5 
852 |a SNK  |b KIS3GCP 
958 |a MI 
999 |c 1757738  |d 1759668